Statistics for Largest River for Each Letter

Click here to take the quiz!

General Stats

  • This quiz has been taken 28 times
  • The average score is 10 of 24

Answer Stats

HintAnswer% Correct
AAmazon River
96%
MMississippi River
81%
CCongo River
77%
DDanube River
77%
GGanges River
77%
YYangtze River
77%
NNile River
73%
IIndus River
65%
OOb River
65%
VVolga River
65%
BBrahmaputra River
58%
ZZambezi River
58%
LLena River
46%
EElbe River
38%
RRed River
15%
PParaná River
12%
FFraser River
8%
HHelmand River
4%
JJapurá River
4%
SSt. Lawrence River
4%
TTocantins River
4%
KKolyma River
0%
UUbange-Euel River
0%
WWarbutin River
0%

Score Distribution

Percentile by Number Answered

Percent of People with Each Score

Your Score History

You have not taken this quiz